La Batalla de los medios . Armand Mattelard. Una entrevista de Atilio A. Boron /
সংরক্ষণ করুন:
| প্রধান লেখক: | |
|---|---|
| সংস্থা লেখক: | , |
| অন্যান্য লেখক: | |
| বিন্যাস: | পাঠ্য |
| ভাষা: | Spanish |
| প্রকাশিত: |
Buenos Aires:
CLACSO
|
| বিষয়গুলি: | |
| ট্যাগগুলো: |
ট্যাগ যুক্ত করুন
কোনো ট্যাগ নেই, প্রথমজন হিসাবে ট্যাগ করুন!
|
MARC
| LEADER | 00000 a a2200000 04500 | ||
|---|---|---|---|
| 001 | 29932 | ||
| 003 | cru CIDCACS/IIS | ||
| 005 | 20171023135803.0 | ||
| 008 | 170918b2003 ag ||||| |||| 00| 0 spa d | ||
| 999 | |c 13810 |d 13810 | ||
| 040 | |c cru CIDCACS/IIS | ||
| 090 | |a RE 08.16.01 M435b | ||
| 100 | |a Mattelart, Armand | ||
| 110 | |a Consejo Latinoamericano de Ciencias Sociales | ||
| 245 | |a La Batalla de los medios . Armand Mattelard. Una entrevista de Atilio A. Boron / |c Consejo Latinoamericano de Ciencias Sociales | ||
| 260 | |a Buenos Aires: |b CLACSO | ||
| 500 | |a En mal estado | ||
| 650 | 1 | 0 | |9 196 |a COMUNICACION |
| 650 | 1 | 0 | |9 5638 |a MATTELART, ARMAND |
| 650 | 1 | 0 | |9 4828 |a MEDIOS DE COMUNICACION |
| 650 | 1 | 0 | |9 668 |a MONOPOLIOS |
| 650 | 1 | 0 | |9 83 |a DEMOCRACIA |
| 650 | 1 | 0 | |9 5636 |a TECNOLOGIAS DE LA INFORMACION |
| 700 | |a Boron, Atilio A. | ||
| 710 | |a CLACSO | ||
| 942 | |2 ddc |c RE | ||
